000 00488nam a2200181 a 4500
005 20140310183425.0
008 070927s19uu xx 00 eng d
020 _a0-321-31139-6
050 _aQA 76.76.H94
_b.G746 2007
100 _aGriffiths, Patrick
245 _aHTML Dog :
_bthe best-practice guide to HTML & CSS.
260 _aU.S.A :
_bNew Riders,
_c2007.
300 _a336 p. :
_bill. ;
_c35 cm.
521 _aMA
650 _aHTML.
942 _cBK
_2lcc
_kFOR
999 _c22642
_d22642